| 000 | 00595nam a2200181Ia 4500 | ||
|---|---|---|---|
| 008 | 100921s9999 xx 000 0 und d | ||
| 082 |
_b17681 _a808.5 थ 61 |
||
| 100 | _aकुलकर्णी भी.ब. | ||
| 245 | _aसंभाषणकला. | ||
| 260 |
_bमॅजेस्टीक बुक स्टॉल,मुंबई. _c1961 |
||
| 300 |
_a110 _b--- |
||
| 365 | _b2 | ||
| 520 | _aललित-भाषणकला. | ||
| 630 | _aसंभाषणकला. | ||
| 650 | _aललित-भाषणकला. | ||
| 730 | _aसंभाषणकला. | ||
| 942 | _cBOOK | ||
| 999 |
_c766794 _d766791 |
||